Normal view
MARC view
- Moreno Pérez, Orlando Eleazar
Entry Nombre Personal
001 - NUMERO DE CONTROL
- campo de control: 43635
003 - IDENTIFICADOR DE NUMERO DE CONTROL
- campo de control: MX-MxUPN
005 - FECHA Y HORA DE LA ÜLTIMA TRANSACCIÓN
- campo de control: 20220202144256.0
008 - DATOS DE LONGITUD FIJA
- campo de control de longitud fija: 220202|| aca||aabn | a|a d
040 ## - FUENTE DE CATALOGACIÓN
- Agencia original de catalogación: MX-MxUPN
- Lenguaje de catalogación: spa
- Agencia de transcripción: MX-MxUPN
100 1# - ENCABEZAMIENTO - NOMBRE PERSONAL
- Nombre personal: Moreno Pérez, Orlando Eleazar
670 ## - FUENTE EN LA QUE SE LOCALIZARON DATOS
- Cita de la fuente: Formas de expresión de la pobreza urbana en el oriente de la Zona Metropolitana de la Ciudad de México, 2017:
- Información localizada: portada (Orlando Eleazar Moreno Pérez)
902 ## - CATALOGADOR
- Catalogador: VRC/020222
